魚編の漢字 - Statistics

General Stats
  • This quiz has been taken 1,955 times
    1,954 since last reset
  • The average score is 27 of 49
Answer Stats
漢字 読み % Correct
あゆ
99%
さけ
98%
さば
98%
たい
97%
くじら
97%
さめ
96%
こい
96%
まぐろ しび
95%
うなぎ
94%
いわし
93%
かつお
93%
たら
93%
あじ
87%
ます
82%
ふな
80%
わに
80%
ひらめ
80%
あわび
76%
たこ
74%
鮟鱇 あんこう
73%
さわら
72%
ぶり
67%
きす
65%
しゃち
64%
かれい
59%
なまず
57%
はも
53%
いなだ かじか どじょう
47%
にしん
44%
はたはた
37%
このしろ
36%
すずき
35%
うぐい あさり
33%
えび
32%
ぼら いな
27%
どじょう
23%
かじか
19%
ごり
19%
いるか
19%
こち
18%
あわび ふぐ
17%
にしん
14%
さんしょううお めくじら
13%
たこ
11%
ひがい
10%
はや はえ
10%
どじょう
8%
いわし
7%
かれい
4%
No matching quizzes found
Score Distribution
Percent of People with Each Score
Percentile by Number Answered
Your Score History
You have not taken this quiz since the last reset